慢慢來,比較快
| 資料類型: | 圖書 | 書目號: | 38509 |
Leader xxxxxxxxxx 001 __ PCLIS00038509 005 __ 20220222091257.0 010 0_ |a978-986-6899-84-3|b平裝|dNT$280 100 __ |a20071127d2007 em y0chiy09 e 101 0_ |achi 102 __ |atw 105 __ |aa z 000cy 200 1_ |a慢慢來,比較快|f九把刀著 205 __ |a初版 210 __ |a臺北市|c春天出版|a臺北縣新店市|c貞德總經銷|d2007[民96] 215 0_ |a249面|c圖|d21公分|e1 VCD 225 2_ |a九把刀電影院|v7 300 __ |a附件光碟內容為"人,生的逗點 : 在二水痛快發呆的日子"紀錄片 410 _0 |12001 |a九把刀電影院|v7 517 1_ |a人,生的逗點|e在二水痛快發呆的日子|zeng 681 __ |a855|b8656 700 _1 |a九把刀|4著 801 _0 |atw|內湖高中|c20071127|gCCR |